Top 10 Most Common English Words - Statistics

General Stats
  • This quiz has been taken 40 times
  • The average score is 7 of 10
Answer Stats
Hint Answer % Correct
6 a
94%
10 I
94%
1 the
94%
7 in
70%
5 and
64%
3 to
64%
2 be
61%
4 of
48%
8 that
45%
9 have
42%
No matching quizzes found
Score Distribution
Percent of People with Each Score
Percentile by Number Answered
Your Score History
You have not taken this quiz